| 000 | 00457 a2200169 4500 | ||
|---|---|---|---|
| 003 | Nust | ||
| 005 | 20230526093812.0 | ||
| 040 | _cNust | ||
| 082 | _a808.81,CHA | ||
| 100 |
_aMajor general M. Arshad Chaudhary _9112659 |
||
| 245 | _aAutumn leaves a collection of poems | ||
| 260 |
_aLahore _bAhmed block works _c1991 |
||
| 300 | _a67,p.; | ||
| 505 | _aPoem manes (Page-2-67) | ||
| 650 |
_aAutumn leaves a collection of poems _9112660 |
||
| 942 |
_2ddc _cBK |
||
| 999 |
_c185996 _d185996 |
||